Silas Marner, The weaver of Raveloe
Silas Marner: La historia sigue a Silas Marner, un tejedor de vino que tras ser inculpado injustamente y expulsado de su pueblo, se instala en el pueblo rural de Raveloe, donde vive aislado. Pero tras ser que le roban todo su dinero y cree que su vida es pura desdicha, se encuentra con una pequeña n...
Guardado en:
| Hovedforfatter: | |
|---|---|
| Format: | Bog |
| Sprog: | Undetermined |
| Udgivet: |
New York, Estados Unidos
The Macmillan
1961
|
| Fag: | |
| Tags: |
Tilføj Tag
Ingen Tags, Vær først til at tagge denne postø!
|
MARC
| LEADER | 00000nam a2200000Ia 4500 | ||
|---|---|---|---|
| 008 | 170316s9999 xx 000 0 und d | ||
| 040 | |a cru BVZT | ||
| 090 | |a 820 E-2si | ||
| 100 | |a Eliot, George | ||
| 245 | |a Silas Marner, The weaver of Raveloe | ||
| 260 | |a New York, Estados Unidos | ||
| 260 | |b The Macmillan | ||
| 260 | |c 1961 | ||
| 300 | |a 198 páginas | ||
| 520 | |a Silas Marner: La historia sigue a Silas Marner, un tejedor de vino que tras ser inculpado injustamente y expulsado de su pueblo, se instala en el pueblo rural de Raveloe, donde vive aislado. Pero tras ser que le roban todo su dinero y cree que su vida es pura desdicha, se encuentra con una pequeña niña que lo guía a su madre moribunda, como un acto de bondad Silas decide adoptarla, criando como su propia hija y quien le enseñara a abrirse nuevamente a las personas y volverse más virtuoso. | ||
| 650 | |a LITERATURA INGLESA |9 12 | ||
| 999 | |c 6877 |d 6877 | ||
| 942 | |c 15 D |h 820 E-2si |2 z | ||
